Tiếng sóng. Yêu đương. Tiếng địch sông Ô : Thơ /
Đã lưu trong:
| Tác giả chính: | |
|---|---|
| Định dạng: | Sách giấy |
| Ngôn ngữ: | Vietnamese |
| Được phát hành: |
H. :
Hội Nhà văn,
1995
|
| Những chủ đề: | |
| Các nhãn: |
Thêm thẻ
Không có thẻ, Là người đầu tiên thẻ bản ghi này!
|
| Thư viện lưu trữ: | Thư viện Trường Đại học Đà Lạt |
|---|
| LEADER | 00673nam a2200277 4500 | ||
|---|---|---|---|
| 001 | DLU020015446 | ||
| 005 | ##8/17/2000 | ||
| 020 | # | # | |a 978- |
| 041 | # | # | |a vie |
| 082 | # | # | |a 895.922 1 |b HU-T |
| 090 | # | # | |a 895.922 1 |b HU-T |
| 100 | # | # | |a Huy Thông |
| 245 | # | # | |a Tiếng sóng. Yêu đương. Tiếng địch sông Ô : |b Thơ / |c Huy Thông |
| 260 | # | # | |a H. : |b Hội Nhà văn, |c 1995 |
| 300 | # | # | |a 119 tr.; |c 19 cm. |
| 653 | # | # | |a Phạm Huy Thông, 1916-1988 |
| 653 | # | # | |a Thơ ca |
| 992 | # | # | |a 8500 |
| 994 | # | # | |a DLU |
| 900 | # | # | |a False |
| 911 | # | # | |a Administrator |
| 925 | # | # | |a G |
| 926 | # | # | |a A |
| 927 | # | # | |a SH |
| 980 | # | # | |a Thư viện Trường Đại học Đà Lạt |